[Event "Tourn. n8161"]
[Site "www.chess-mail.com"]
[Date "2015.04.16"]
[Round "1"]
[White "Swampcat"]
[Black "Julianlore"]
[WhiteElo "1410"]
[BlackElo "1499"]
[Result "0-1"]
[Round "1"]
1.e4 e5
2.Ng1f3 Nb8c6
3.Bf1c4 Bf8c5
4.c3 Ng8f6
5.Nf3g5 O-O
6.Bc4xf7 Rf8xf7
7.Ng5xf7 Kxf7
8.O-O d5
9.exd5 Qd8xd5
10.d3 Bc8f5
11.Bc1e3 Bc5xe3
12.fxe3 Bf5xd3
13.Rf1f3 Ra8d8
14.Nb1a3 Kg8
15.c4 Bd3xc4
16.Qd1xd5 Bc4xd5
17.Rf3f2 Nc6b4
18.b3 Nf6e4
19.Rf2f5 g6
20.Rf5f1 c6
21.Na3c4 Bd5xc4
22.bxc4 Nb4c2
23.Ra1b1 Ne4d2
24.Rb1d1 Nc2xe3
25.Rf1f2 Ne3xd1
{ resign }
0-1

[Event "Tourn. n8163"]
[Site "www.chess-mail.com"]
[Date "2015.04.16"]
[Round "1"]
[White "Umzi"]
[Black "Cardiff"]
[WhiteElo "2080"]
[BlackElo "2030"]
[Result "0-1"]
[Round "1"]
1.e4 c5
2.Ng1f3 Nb8c6
3.c3 d5
4.e5 e6
5.Bf1b5 Bc8d7
6.O-O Nc6xe5
7.Bb5xd7 Ne5xd7
8.d4 Ng8f6
9.Nf3e5 Bf8e7
10.Nb1d2 O-O
11.f4 cxd4
12.cxd4 Be7b4
13.Nd2f3 Nf6e4
14.Qd1b3 Nd7xe5
15.fxe5 Qd8e7
16.a3 Bb4a5
17.h4 Ba5b6
18.Nf3g5 Bb6xd4
19.Bc1e3 Qe7c5
20.Ng5xe4 Bd4xe3
21.Kh2 dxe4
{ resign }
0-1

[Event "Tourn. n8178"]
[Site "www.chess-mail.com"]
[Date "2015.04.16"]
[Round "1"]
[White "Xkafi"]
[Black "Bigoak"]
[WhiteElo "1930"]
[BlackElo "1940"]
[Result "1-0"]
[Round "1"]
1.e4 Ng8f6
2.Qd1f3 e5
3.Bf1c4 Nb8c6
4.c3 d6
5.d3 Bc8g4
6.Qf3g3 Bf8e7
7.Bc1g5 Qd8d7
8.Qg3h4 O-O-O
9.Bc4b5 h6
10.Bg5xf6 Be7xf6
11.Qh4g3 h5
12.h3 Bg4e6
13.Nb1d2 Qd7e7
14.Nd2b3 Bf6h4
15.Qg3e3 a6
16.Bb5xc6 bxc6
17.Qe3a7 Kd7
18.Nb3a5 Rd8a8
19.Qa7b7 Rh8b8
20.Qb7xc6 Kc8
21.b4 Rb8b6
22.Qc6xa8 Kd7
23.Ng1f3 Bh4f6
24.Nf3d2 Bf6g5
25.Nd2c4 Be6xc4
26.Na5xc4 Rb6c6
27.a4 Qe7e6
28.Qa8b7 Ke7
29.Qb7xc6 { resign }
1-0

[Event "Match"]
[Site "www.echecsemail.com"]
[Date "2015.04.16"]
[Round "1"]
[White "Wildtiger"]
[Black "F14"]
[WhiteElo "1619"]
[BlackElo "1860"]
[Result "0-1"]
[Round "1"]
1.e4 d6
2.d4 g6
3.Ng1f3 Bf8g7
4.Bc1e3 Ng8f6
5.Nb1c3 c6
6.Qd1d2 O-O
7.Ra1d1 Qd8c7
8.Be3f4 Nb8d7
9.Bf1d3 e5
10.dxe5 dxe5
11.Bf4g3 Nd7c5
12.O-O Bc8g4
13.h3 Bg4e6
14.Nf3g5 Ra8d8
15.Ng5xe6 Nc5xe6
16.Qd2e3 a6
17.f4 Nf6h5
18.Bg3h2 exf4
19.Qe3f2 Bg7e5
20.Nc3e2 b5
21.a4 Be5xb2
22.c3 Qc7e5
23.axb5 cxb5
24.Rd1d2 Bb2xc3
25.Ne2xc3 Qe5xc3
26.g4 Nh5g3
27.Bh2xg3 fxg3
28.Qf2e3 Ne6c5
29.Rf1d1 Nc5xd3
30.Rd2xd3 Rd8xd3
31.Rd1xd3 Qc3a1
32.Kg2 Rf8c8
33.Rd3d2 Rc8c1
34.Kxg3 Rc1g1
35.Kh4 Qa1f6
36.g5 Qf6a1
37.Qe3f2 Qa1e1
38.Qf2xe1 Rg1xe1
39.Rd2a2 Re1xe4
40.Kg3 Re4a4
41.Ra2b2 Ra4c4
42.Rb2a2 Rc4a4
43.Ra2e2 b4
44.Re2e4 a5
45.Kf2 Ra4a2
46.Ke1 b3
47.Kd1 a4
48.Kc1 a3
49.Kb1 Ra2c2
50.Re4e1 Rc2a2
51.Re1e3 Ra2b2
52.Ka1 Kg7
53.Re3f3 Kf8
54.Rf3d3 Kg7
55.Rd3f3 h6
56.h4 hxg5
57.hxg5 Kf8
58.Rf3e3 Kg7
59.Re3f3 Rb2g2
60.Rf3xb3 Rg2xg5
61.Rb3xa3 Rg5e5
62.Kb2 f5
63.Kc2 Kf6
64.Ra3g3 g5
65.Kd2 f4
66.Rg3f3 Kf5
67.Rf3h3 Kg4
68.Rh3d3 f3
{ resign }
0-1

[Event "Match"]
[Site "www.echecsemail.com"]
[Date "2015.04.16"]
[Round "1"]
[White "Ketchuplover"]
[Black "Bbking"]
[WhiteElo "1940"]
[BlackElo "1490"]
[Result "1-0"]
[Round "1"]
1.e4 e5
2.f4 Nb8c6
3.Ng1f3 d6
4.d4 Ng8f6
5.d5 Nc6b4
6.c3 Nb4a6
7.fxe5 dxe5
8.Bf1d3 Bc8g4
9.h3 Bg4xf3
10.Qd1xf3 Bf8c5
11.Bc1e3 Bc5xe3
12.Qf3xe3 O-O
13.O-O c6
14.Nb1d2 h6
15.dxc6 bxc6
16.Bd3xa6 Nf6xe4
17.Nd2xe4 Qd8d5
18.Rf1d1 Qd5c4
19.Ba6xc4 a5
20.Rd1d7 Ra8b8
21.Ra1f1 Rb8xb2
22.Rf1xf7 Rf8xf7
23.Rd7d8 { resign }
1-0

[Event "Match"]
[Site "www.echecsemail.com"]
[Date "2015.04.16"]
[Round "1"]
[White "Woadman62"]
[Black "Winterlude"]
[WhiteElo "2630"]
[BlackElo "2550"]
[Result "1-0"]
[Round "1"]
1.Ng1f3 Ng8f6
2.g3 g6
3.Bf1g2 Bf8g7
4.O-O O-O
5.d3 d6
6.e4 e5
7.c3 c6
8.Nb1d2 Nb8d7
9.Rf1e1 Rf8e8
10.d4 Nd7f8
11.dxe5 dxe5
12.h3 Qd8d6
13.Qd1c2 Bc8e6
14.Bg2f1 h6
15.Nd2c4 Be6xc4
16.Bf1xc4 Qd6c7
17.Bc1e3 Re8d8
18.a4 b6
19.b4 Qc7e7
20.Re1d1 Rd8xd1
21.Ra1xd1 Qe7c7
22.g4 Nf6e8
23.Qc2d3 Qc7e7
24.Kg2 Qe7c7
25.Bc4b3 Ra8b8
26.g5 h5
27.a5 Kh7
28.Nf3h4 Kh8
29.a6 Rb8c8
30.c4 { resign }
1-0

[Event "Match"]
[Site "www.echecsemail.com"]
[Date "2015.04.16"]
[Round "1"]
[White "Crush"]
[Black "Gene4267"]
[WhiteElo "1680"]
[BlackElo "1499"]
[Result "0-1"]
[Round "1"]
1.e4 e6
2.Nb1c3 d5
3.d4 Bf8b4
4.a3 Bb4xc3
5.bxc3 dxe4
6.Qd1e2 Ng8f6
7.Bc1g5 Nb8d7
8.f3 exf3
9.Qe2xf3 c6
10.Bf1c4 h6
11.Bg5xf6 Nd7xf6
12.Ng1e2 O-O
13.O-O Bc8d7
14.Ra1b1 b5
15.Bc4d3 Qd8c7
16.Ne2f4 a6
17.Nf4h5 Nf6xh5
18.Qf3xh5 f5
19.Qh5g6 Qc7a5
20.Rf1f3 Qa5xc3
21.Rf3g3 Qc3xd4
22.Kf1 Kh8
23.Rb1b4 Qd4a1
24.Kf2 Ra8d8
25.Bd3e2 Qa1e5
26.Be2d3 Bd7e8
27.Rg3e3 Qe5xe3
28.Kxe3 Be8xg6
29.Kf4 c5
30.Rb4b3 c4
31.Bd3xc4 Rd8d4
32.Ke5 Rd4xc4
33.Kxe6 Rc4xc2
34.Ke7 Rf8e8
35.Kd7 Rc2xg2
36.h4 Rg2g4
37.Rb3h3 Re8e4
38.h5 Bg6e8
39.Kc7 Rg4g5
40.Kb7 a5
41.Kb6 a4
42.Kc7 Be8xh5
43.Kc6 Bh5e2
44.Kd5 Rg5g4
45.Rh3h5 Be2c4
46.Kc5 f4
47.Rh5f5 Rg4g5
48.Rf5xg5 hxg5
49.Kd6 f3
50.Kc6 f2
{ resign }
0-1

[Event "Tourn. n8088"]
[Site "www.chess-mail.com"]
[Date "2015.04.16"]
[Round "1"]
[White "Llcervello"]
[Black "Falcoale"]
[WhiteElo "1710"]
[BlackElo "1830"]
[Result "0-1"]
[Round "1"]
1.e4 c5
2.Bf1c4 e6
3.e5 Nb8c6
4.Ng1f3 b6
5.d3 Bc8b7
6.O-O Nc6a5
7.Nf3g5 Na5xc4
8.dxc4 Bf8e7
9.h4 h6
10.Ng5h3 Be7xh4
11.g3 Bh4g5
12.f4 Bg5e7
13.Nb1c3 a6
14.Bc1e3 h5
15.f5 exf5
16.Rf1xf5 f6
17.Rf5xh5 Ng8h6
18.Nh3f4 Qd8c7
19.Nf4g6 fxe5
20.Ng6xh8 O-O-O
21.Nh8g6 Be7f6
22.Be3xh6 gxh6
23.Rh5xh6 Bf6g5
24.Rh6h5 Bg5e3
25.Kf1 Be3d4
26.Ng6e7 Kb8
27.Nc3d5 Bb7xd5
28.cxd5 Rd8f8
29.Ke2 Qc7d6
30.Ne7f5 Qd6g6
31.Qd1h1 Rf8xf5
32.Rh5h8 Kc7
33.Rh8h6 Rf5f2
34.Kd1 Qg6xc2
35.Ke1 Qc2e2
{ resign }
0-1

[Event "Match"]
[Site "www.echecsemail.com"]
[Date "2015.04.16"]
[Round "1"]
[White "Fangshuo"]
[Black "Jafarhayder"]
[WhiteElo "2020"]
[BlackElo "1250"]
[Result "1/2-1/2"]
[Round "1"]
1.e4 e6
2.Ng1f3 d5
3.exd5 exd5
4.d4 Bf8d6
5.c4 dxc4
6.Bf1xc4 Ng8f6
7.O-O O-O
8.Nb1c3 Bc8g4
9.Qd1d3 Nb8c6
10.d5 Bg4xf3
11.Qd3xf3 Nc6e5
12.Qf3e2 Rf8e8
13.b3 Ne5g4
14.Bc1e3 Bd6xh2
15.Kh1 Bh2f4
16.Qe2d2 Ng4xe3
17.fxe3 Bf4xe3
18.Qd2c2 Nf6xd5
19.Rf1f3 Nd5f6
20.Ra1d1 Qd8c8
21.Rf3xf6 gxf6
22.Bc4xf7 Kxf7
23.Qc2xh7 Ke6
24.Qh7e4 Kf7
25.Qe4h7 Kf8
26.Qh7h8 Ke7
27.Qh8h7 Ke6
{ draw }
1/2-1/2

[Event "Match"]
[Site "www.echecsemail.com"]
[Date "2015.04.16"]
[Round "1"]
[White "Joseph1983"]
[Black "Krystek23"]
[WhiteElo "2100"]
[BlackElo "2340"]
[Result "0-1"]
[Round "1"]
1.d4 Ng8f6
2.c4 c5
3.Ng1f3 cxd4
4.Nf3xd4 Nb8c6
5.Nb1c3 e6
6.e4 Bf8b4
7.Nd4xc6 bxc6
8.Bf1d3 e5
9.O-O h6
10.Bc1e3 O-O
11.Ra1c1 d6
12.h3 Qd8e7
13.a3 Bb4a5
14.b4 Ba5b6
15.Qd1d2 Ra8b8
16.Rf1d1 Bc8e6
17.Bd3f1 Rf8d8
18.Be3xb6 axb6
19.Qd2e3 Rd8d7
20.Nc3a4 Qe7d8
21.c5 bxc5
22.bxc5 Be6b3
23.Na4b6 Bb3xd1
24.Nb6xd7 Nf6xd7
25.Rc1xd1 Nd7xc5
26.f3 Qd8c7
27.Bf1c4 Rb8a8
28.Qe3d2 Ra8a4
29.Bc4f1 Ra4d4
30.Qd2c2 Qc7a7
31.Rd1xd4 exd4
32.Qc2c1 d3
33.Kh2 Qa7a4
34.e5 Qa4d4
35.exd6 d2
36.Qc1d1 Nc5a4
{ resign }
0-1

[Event "Match"]
[Site "www.echecsemail.com"]
[Date "2015.04.16"]
[Round "1"]
[White "Sorren"]
[Black "Anthony61"]
[WhiteElo "1840"]
[BlackElo "1570"]
[Result "1-0"]
[Round "1"]
1.e4 e5
2.Ng1f3 Nb8c6
3.Bf1c4 Bf8e7
4.d4 exd4
5.Nf3xd4 Be7f6
6.Nd4xc6 bxc6
7.Nb1c3 Ng8e7
8.O-O  { time }
1-0

[Event "Match"]
[Site "www.echecsemail.com"]
[Date "2015.04.16"]
[Round "1"]
[White "Generalfree"]
[Black "Harrytheking"]
[WhiteElo "1790"]
[BlackElo "1680"]
[Result "0-1"]
[Round "1"]
1.d4 b6
2.e4 Bc8a6
3.c4 e6
4.a3 h6
5.b4 Ng8e7
6.Bc1e3 Ne7g6
7.g3 c6
8.Nb1c3 Bf8e7
9.Qd1b3 O-O
10.Ng1f3 d6
11.b5 cxb5
12.cxb5 Ba6b7
13.d5 e5
14.Bf1h3 Nb8d7
15.Bh3f5 Nd7c5
16.Be3xc5 dxc5
17.Bf5xg6 Be7f6
18.Bg6f5 Bb7c8
19.Bf5xc8 Ra8xc8
20.h4 c4
21.Qb3a2 Rf8e8
22.O-O-O Qd8d7
23.Nf3d2 Qd7c7
24.Nd2b1 Qc7d7
25.a4 Bf6e7
26.f4 exf4
27.gxf4 Be7b4
28.Qa2g2 Bb4c5
29.f5 Bc5e3
30.Kb2 Qd7d6
31.Rd1e1 Be3d4
32.Re1d1 Qd6b4
33.Kc1 Bd4xc3
34.d6 Rc8d8
35.Rh1h3 Bc3f6
36.d7 Re8e7
37.Qg2e2 Re7xd7
38.Rd1xd7 Rd8xd7
39.e5 Rd7e7
40.e6 c3
41.exf7 Kxf7
42.Qe2d3 Qb4b2
43.Kd1 c2
44.Qd3xc2 Re7d7
45.Nb1d2 Qb2a1
46.Ke2 Rd7e7
47.Kf3 Qa1a3
48.Nd2b3 Qa3xa4
49.Kg2 Qa4xb5
50.Kh2 Re7e2
{ resign }
0-1

[Event "Match"]
[Site "www.echecsemail.com"]
[Date "2015.04.16"]
[Round "1"]
[White "F14"]
[Black "Canario"]
[WhiteElo "1840"]
[BlackElo "1680"]
[Result "1/2-1/2"]
[Round "1"]
1.c4 Ng8f6
2.Nb1c3 e5
3.e4 Nb8c6
4.Ng1f3 Bf8c5
5.Bf1e2 d6
6.O-O Bc8e6
7.Nc3a4 Nf6xe4
8.Na4xc5 Ne4xc5
9.d4 exd4
10.Nf3xd4 O-O
11.Nd4xc6 bxc6
12.b3 Qd8f6
13.Ra1b1 Ra8d8
14.Bc1b2 Qf6g6
15.Be2h5 Qg6g5
16.Qd1d4 Be6h3
17.Bh5f3 Nc5e6
18.Qd4e4 Bh3f5
19.Qe4xc6 Bf5xb1
20.Rf1xb1 Qg5d2
21.Qc6e4 Rf8e8
22.Qe4e2 Qd2xe2
23.Bf3xe2 Ne6f4
24.Be2f3 Nf4d3
25.Bb2d4 Re8e7
26.h3 c5
27.Bd4e3 Rd8e8
28.Rb1d1 Nd3e5
29.Bf3d5 Kh8
30.Be3g5 f6
31.Bg5h4 Ne5g6
32.Bh4g3 Ng6e5
33.Bg3xe5 fxe5
34.Bd5c6 Re8d8
35.Bc6d5 g6
36.Rd1e1 Rd8f8
37.f3 a5
38.a4 Kg7
39.Kh2 Rf8f4
40.Bd5e4 h5
41.Re1d1 Re7d7
42.Rd1d5 Kf6
43.g3 Rf4xe4
44.fxe4 Ke6
45.Kg2 Rd7f7
46.h4 Rf7b7
47.Rd5d3 Rb7b6
48.Kf3 Kf6
49.Rd3c3 { draw }
1/2-1/2

[Event "Match"]
[Site "www.echecsemail.com"]
[Date "2015.04.16"]
[Round "1"]
[White "Generalfree"]
[Black "Attatroll"]
[WhiteElo "1830"]
[BlackElo "1900"]
[Result "1-0"]
[Round "1"]
1.e4 e5
2.Ng1f3 Nb8c6
3.Bf1c4 Ng8f6
4.O-O Bf8c5
5.c3 O-O
6.d4 exd4
7.cxd4 Bc5b6
8.e5 Nf6g4
9.Bc1g5 Qd8e8
10.h3 h6
11.Bg5h4 g5
12.Bh4g3 d5
13.Bc4xd5 Nc6xd4
14.Nf3xd4 Ng4xe5
15.f4 Qe8a4
16.Qd1xa4 { resign }
1-0

[Event "Match"]
[Site "www.echecsemail.com"]
[Date "2015.04.16"]
[Round "1"]
[White "Gorski"]
[Black "Pembertonia"]
[WhiteElo "1130"]
[BlackElo "1400"]
[Result "1-0"]
[Round "1"]
1.e4 Ng8f6
2.Nb1c3 e5
3.Ng1f3 Nb8c6
4.Bf1c4 d5
5.d4 dxc4
6.b3 Bf8b4
7.O-O Bb4xc3
8.Ra1b1 Nf6xe4
9.Qd1e2 Ne4f6
10.Nf3xe5 Bc3xd4
11.Bc1g5 Bd4xe5
12.Rf1d1 Qd8e7
13.Qe2e3 Nc6d4
14.bxc4 Nd4f5
15.Rb1b5 Nf5xe3
16.fxe3 Qe7a3
17.Rb5xe5 Kf8
18.Rd1d8 Nf6e8
19.Re5xe8 { resign }
1-0

[Event "1/128 Finale"]
[Site "www.chess-mail.com"]
[Date "2015.04.16"]
[Round "1"]
[White "Guidom"]
[Black "Llord"]
[WhiteElo "2080"]
[BlackElo "1790"]
[Result "1-0"]
[Round "1"]
1.e4 e5
2.Ng1f3 Nb8c6
3.Bf1b5 Bf8d6
4.O-O Ng8e7
5.d4 exd4
6.Nf3xd4 Nc6xd4
7.Qd1xd4 Rh8g8
8.e5 Bd6xe5
9.Qd4xe5 c6
10.Bb5c4 d6
11.Qe5f4 d5
12.Bc4d3 g6
13.Rf1e1 Bc8e6
14.Nb1c3 d4
15.Nc3e4 Ne7d5
16.Qf4e5 Qd8d7
17.Ne4d6 Kf8
18.Bc1h6 Ke7
19.Nd6e4 Nd5b4
20.Qe5c5 Kd8
21.Qc5xb4 b6
22.Ne4f6 { resign }
1-0

[Event "Tourn. n8051"]
[Site "www.chess-mail.com"]
[Date "2015.04.17"]
[Round "1"]
[White "Sontuozio"]
[Black "Cathar"]
[WhiteElo "2180"]
[BlackElo "2120"]
[Result "0-1"]
[Round "1"]
1.d4 Ng8f6
2.Ng1f3 e6
3.e3 b6
4.Nb1d2 Bc8b7
5.Bf1d3 c5
6.c3 g6
7.O-O Bf8g7
8.e4 cxd4
9.cxd4 O-O
10.e5 Nf6d5
11.Nd2e4 Nd5b4
12.Bd3b1 Bb7d5
13.a3 Nb4c6
14.Bc1e3 Nb8a6
15.Qd1d2 Na6c7
16.Be3g5 Qd8b8
17.Ne4f6 Bg7xf6
18.Bg5xf6 Nc7e8
19.Qd2h6 Bd5xf3
20.gxf3 Nc6xd4
21.Qh6e3 Nd4c6
22.f4 Ne8xf6
23.exf6 Qb8d6
24.Bb1e4 Qd6d4
25.Qe3xd4 Nc6xd4
26.Be4xa8 Rf8xa8
27.Kg2 Nd4b5
28.Ra1c1 d5
29.a4 Nb5d6
30.b3 Nd6e8
31.Rc1c6 Ne8xf6
32.Rf1c1 Nf6e4
33.Rc6c8 Ra8xc8
34.Rc1xc8 Kg7
35.Rc8c7 Ne4c5
36.Rc7xa7 Nc5xb3
37.Kf3 Nb3c5
38.Ke3 h6
39.h4 Kf6
40.Kd4 Nc5b3
41.Kc3 Nb3c5
42.Kb4 Nc5d3
43.Kb5 Nd3xf4
44.Kxb6 d4
45.a5 d3
46.a6 d2
47.Ra7d7 Nf4d5
48.Rd7xd5 exd5
49.a7 d1Q
50.a8Q Kg7
51.Qa8a2 Qd1d4
52.Kb5 Qd4c4
53.Qa2xc4 dxc4
54.Kxc4 Kf6
55.Kd4 Kf5
56.f3 Kf4
{ resign }
0-1

[Event "Tourn. n8151"]
[Site "www.chess-mail.com"]
[Date "2015.04.17"]
[Round "1"]
[White "Korto"]
[Black "Tomasseeber"]
[WhiteElo "2450"]
[BlackElo "2190"]
[Result "1-0"]
[Round "1"]
1.Ng1f3 Ng8f6
2.c4 g6
3.g3 Bf8g7
4.Bf1g2 O-O
5.Nb1c3 d5
6.cxd5 Nf6xd5
7.O-O c5
8.Nf3g5 e6
9.d3 Nd5xc3
10.bxc3 Bg7xc3
11.Ra1b1 Nb8c6
12.Ng5e4 Bc3g7
13.Ne4xc5 Qd8c7
14.Bc1b2 Bg7xb2
15.Rb1xb2 b6
16.Qd1a4 bxc5
17.Qa4xc6 { resign }
1-0

[Event "Tourn. n8101"]
[Site "www.chess-mail.com"]
[Date "2015.04.17"]
[Round "1"]
[White "Iko"]
[Black "Bjonil60"]
[WhiteElo "1500"]
[BlackElo "1320"]
[Result "1-0"]
[Round "1"]
1.e4 Nb8c6
2.Nb1c3 e5
3.Ng1f3 Qd8e7
4.Nc3d5 Qe7d8
5.Bf1b5 Nc6e7
6.Nf3xe5 Ne7xd5
7.exd5 c6
8.dxc6 bxc6
9.Ne5xc6 dxc6
10.Bb5xc6 Bc8d7
11.Bc6xa8 Qd8xa8
12.O-O Kd8
13.Rf1e1 Ng8e7
14.Qd1f3 Bd7c6
15.Qf3xf7 Bc6d5
16.Qf7f4 Ne7g6
17.Qf4g5 Bf8e7
18.Qg5g3 Kd7
19.d4 Be7d6
20.Qg3h3 Kc6
21.Qh3c3 Kd7
22.g4 Ng6h4
23.Kf1 Bd5g2
24.Ke2 Rh8c8
25.Qc3d3 Bd6b4
26.Qd3b5 Kd8
27.Qb5xb4 Qa8f3
28.Kd2 Qf3xf2
29.Re1e2 Nh4f3
30.Kd3 Bg2f1
31.Qb4e7 
1-0

[Event "Tourn. n8168"]
[Site "www.chess-mail.com"]
[Date "2015.04.17"]
[Round "1"]
[White "Amaya"]
[Black "Generalfree"]
[WhiteElo "2020"]
[BlackElo "1930"]
[Result "1-0"]
[Round "1"]
1.d4 e6
2.e3 d5
3.Bf1d3 Nb8c6
4.c3 a6
5.Nb1d2 f5
6.f4 Ng8f6
7.Ng1f3 h6
8.O-O Nf6g4
9.Qd1e2 g5
10.Nf3e5 Ng4xe5
11.fxe5 h5
12.Nd2f3 g4
13.Nf3e1 Qd8e7
14.b3 Bc8d7
15.c4 dxc4
16.bxc4 O-O-O
17.a3 h4
18.c5 Bf8h6
19.Bd3xa6 Nc6a5
20.Ra1b1 Rd8f8
21.Ba6xb7 Kd8
22.c6 Na5xc6
23.Qe2a6 Qe7e8
24.a4 f4
25.Bc1a3 Rf8f5
26.Qa6a8 { resign }
1-0

[Event "Tourn. n7997"]
[Site "www.chess-mail.com"]
[Date "2015.04.17"]
[Round "1"]
[White "Blackpool"]
[Black "Generalfree"]
[WhiteElo "1840"]
[BlackElo "1840"]
[Result "1-0"]
[Round "1"]
1.c4 e6
2.d4 c5
3.Ng1f3 cxd4
4.Nf3xd4 Ng8f6
5.Nb1c3 a6
6.a3 e5
7.Nd4f3 Nb8c6
8.Bc1g5 h6
9.Bg5xf6 Qd8xf6
10.Nc3d5 Qf6d6
11.e3 e4
12.Nf3d4 Nc6xd4
13.Qd1xd4 f5
14.Bf1e2 Qd6c5
15.Qd4xc5 Bf8xc5
16.b4 Bc5d6
17.O-O O-O
18.c5 Bd6e5
19.Ra1b1 Rf8f7
20.Nd5b6 Ra8b8
21.Be2c4 d6
22.Bc4xf7 Kxf7
23.Rf1d1 Bc8e6
24.cxd6 Rb8d8
25.d7 Be6a2
26.Rb1c1 Ba2b3
27.Rc1c8 Bb3xd1
28.Rc8xd8 Be5c7
29.Rd8c8 Bc7xb6
30.d8Q Bb6xd8
31.Rc8xd8 Bd1a4
32.Kf1 Ba4b5
33.Ke1 g5
34.Kd2 h5
35.g3 g4
36.Kc3 Kg6
37.Kb3 Kg7
38.a4 Bb5c6
39.Rd8b8 b5
40.a5 { resign }
1-0

[Event "Tourn. n8069"]
[Site "www.chess-mail.com"]
[Date "2015.04.17"]
[Round "1"]
[White "Krasin"]
[Black "Emmanuelasi"]
[WhiteElo "2310"]
[BlackElo "2240"]
[Result "0-1"]
[Round "1"]
1.e4 Nb8c6
2.Ng1f3 e5
3.Bf1c4 Bf8c5
4.b4 Bc5xb4
5.c3 Bb4d6
6.d4 Ng8f6
7.Nb1d2 O-O
8.O-O Qd8e8
9.Rf1e1 a6
10.Bc4d3 b5
11.Nd2b3 Bc8b7
12.Bc1g5 Qe8e7
13.d5 Nc6b8
14.Nf3h4 h6
15.Nh4f5 Qe7d8
16.Bg5h4 Bd6e7
17.Qd1f3 d6
18.a4 bxa4
19.Ra1xa4 Nb8d7
20.Re1a1 Nd7b8
21.Nb3a5 Bb7c8
22.Nf5xe7 Qd8xe7
23.Bh4xf6 Qe7xf6
 { time }
0-1

[Event "Tourn. n8169"]
[Site "www.chess-mail.com"]
[Date "2015.04.17"]
[Round "1"]
[White "Capitaine"]
[Black "Kermet"]
[WhiteElo "2340"]
[BlackElo "2510"]
[Result "1/2-1/2"]
[Round "1"]
1.d4 Ng8f6
2.c4 e6
3.Ng1f3 d5
4.Bc1g5 Bf8e7
5.e3 O-O
6.Nb1c3 h6
7.Bg5h4 Nf6e4
8.Bh4xe7 Qd8xe7
9.Bf1d3 Ne4xc3
10.bxc3 dxc4
11.Bd3xc4 c5
12.O-O b6
13.Nf3e5 Bc8b7
14.Qd1b3 Nb8c6
15.Ne5xc6 Bb7xc6
16.a4 Qe7g5
17.g3 Qg5h5
18.f4 Qh5f5
{ draw }
1/2-1/2

[Event "Match"]
[Site "www.echecsemail.com"]
[Date "2015.04.17"]
[Round "1"]
[White "Ztornad"]
[Black "Pariolinius"]
[WhiteElo "1740"]
[BlackElo "1840"]
[Result "1-0"]
[Round "1"]
1.e4 c5
2.c4 Nb8c6
3.Bf1d3 e5
4.Ng1f3 Ng8f6
5.Nb1c3 Bf8e7
6.b3 O-O
7.O-O d6
8.a4 b6
9.Nc3d5 Nf6xd5
10.cxd5 Nc6b4
11.Bd3b5 a6
12.Bb5e2 Bc8g4
13.d3 f5
14.h3 Bg4h5
15.Nf3d2 Bh5g6
16.f3 f4
17.Bc1a3 Be7h4
18.Qd1c1 Qd8d7
19.Nd2c4 Ra8b8
20.Qc1c3 Bg6f7
21.Ba3xb4 cxb4
22.Qc3xb4 Qd7c7
23.Kh1 Rf8d8
24.Ra1c1 Qc7a7
25.Qb4a3 Bh4e7
26.Rf1d1 b5
27.axb5 Rb8xb5
28.Nc4a5 Bf7e8
29.d4 Rb5b6
30.Na5c6 Be8xc6
31.Rc1xc6 Rd8b8
32.Rc6xb6 Rb8xb6
33.Rd1c1 Qa7b7
34.Rc1c3 h6
35.dxe5 dxe5
36.Qa3a4 Be7f8
37.Rc3c6 Rb6xb3
38.Be2c4 Rb3b1
39.Kh2 Rb1b6
40.d6 Kh7
41.Rc6c7 Qb7a8
42.Qa4d7 Rb6b8
43.Rc7a7 { resign }
1-0

[Event "Match"]
[Site "www.echecsemail.com"]
[Date "2015.04.17"]
[Round "1"]
[White "F14"]
[Black "Yussuf1000"]
[WhiteElo "1860"]
[BlackElo "1499"]
[Result "0-1"]
[Round "1"]
1.d4 Ng8f6
2.c4 e6
3.Nb1c3 Bf8b4
4.Qd1c2 c5
5.dxc5 O-O
6.Bc1d2 Bb4xc5
7.e3 Nb8c6
8.Ng1f3 b6
9.Bf1e2 Bc8b7
10.O-O d5
11.cxd5 Nf6xd5
12.Ra1d1 Nc6b4
13.Qc2b1 Nd5f6
14.a3 Nb4c6
15.Nc3a4 Bc5e7
16.b4 Qd8e8
17.b5 Nc6a5
18.Bd2xa5 bxa5
19.Nf3e5 Be7xa3
20.Qb1b3 Ba3b4
21.Na4b2 Nf6e4
22.Be2f3 Qe8xb5
23.Qb3d3 Qb5xe5
24.Nb2c4 Qe5f5
25.Qd3d7 Ne4c5
26.Qd7c7 Bb7xf3
27.gxf3 Qf5xf3
28.Qc7g3 Qf3xg3
29.hxg3 Rf8d8
30.Rd1a1 a4
31.Rf1b1 a5
32.Rb1f1 Nc5b3
33.Ra1xa4 Nb3d2
34.Nc4xd2 Rd8xd2
35.Rf1b1 Ra8c8
36.Ra4a1 g6
37.Rb1f1 Rc8c2
38.Kg2 h5
39.Ra1d1 Rd2xd1
40.Rf1xd1 a4
41.Kf3 a3
42.Rd1a1 a2
43.e4 Bb4c3
{ resign }
0-1

[Event "Match"]
[Site "www.echecsemail.com"]
[Date "2015.04.17"]
[Round "1"]
[White "Tatar"]
[Black "Manolinex"]
[WhiteElo "2700"]
[BlackElo "2720"]
[Result "1/2-1/2"]
[Round "1"]
1.g3 d5
2.Ng1f3 c5
3.Bf1g2 Ng8f6
4.O-O Nb8c6
5.d4 cxd4
6.Nf3xd4 e5
7.Nd4xc6 bxc6
8.c4 Ra8b8
9.Bc1g5 Bf8e7
10.Bg5xf6 Be7xf6
11.cxd5 cxd5
12.Bg2xd5 O-O
13.Bd5b3 Bc8h3
14.Rf1e1 Qd8a5
15.Qd1d2 Qa5xd2
16.Nb1xd2 Rb8b4
17.Ra1c1 e4
18.Rc1c4 Rb4xc4
19.Nd2xc4 g6
20.Re1d1 Kg7
21.Nc4d6 Bf6xb2
22.Nd6xe4 Rf8e8
23.Ne4g5 Bh3g4
24.f3 Bg4c8
25.e4 Re8e7
26.Kg2 a5
27.Rd1d5 h6
28.Rd5c5 Bc8d7
29.Ng5h3 a4
30.Bb3d5 f5
31.Nh3f2 fxe4
32.fxe4 Bb2d4
33.Rc5c4 Bd4f6
34.Rc4b4 Bd7e8
35.Kf3 Bf6c3
36.Rb4c4 Bc3f6
37.Nf2g4 Bf6a1
38.Ng4e3 h5
39.Bd5c6 Re7f7
40.Ke2 Be8xc6
41.Rc4xc6 Rf7b7
42.Ne3c4 Ba1d4
43.e5 Rb7e7
44.Rc6a6 { draw }
1/2-1/2

[Event "Match"]
[Site "www.echecsemail.com"]
[Date "2015.04.17"]
[Round "1"]
[White "Drdoom"]
[Black "Generalfree"]
[WhiteElo "1720"]
[BlackElo "1800"]
[Result "0-1"]
[Round "1"]
1.e4 e5
2.Ng1f3 Nb8c6
3.d4 Nc6xd4
4.Nf3xd4 exd4
5.Qd1xd4 c6
6.c4 f6
7.a3 b6
8.Bc1f4 d6
9.b4 g5
10.Bf4e3 Bc8e6
11.Nb1c3 c5
12.Qd4d3 cxb4
13.axb4 h5
14.c5 dxc5
{ resign }
0-1

[Event "Match"]
[Site "www.echecsemail.com"]
[Date "2015.04.17"]
[Round "1"]
[White "Whitekknight"]
[Black "F14"]
[WhiteElo "1900"]
[BlackElo "1870"]
[Result "0-1"]
[Round "1"]
1.e4 c5
2.Ng1f3 d6
3.Bf1c4 e6
4.Nb1c3 Bf8e7
5.d4 cxd4
6.Qd1xd4 Ng8f6
7.Bc1g5 Nb8c6
8.Qd4d2 O-O
9.O-O Qd8c7
10.Bg5e3 a6
11.Ra1d1 b5
12.Bc4e2 Bc8b7
13.h3 Rf8d8
14.Be2d3 Rd8e8
15.a3 Nc6a5
16.Nf3d4 Na5c4
17.Qd2c1 Nc4e5
18.Bd3e2 Nf6xe4
19.Nc3xe4 Bb7xe4
20.Rd1d2 Be4g6
21.b3 Ra8c8
22.Be2d1 d5
23.b4 Ne5c4
24.Rd2e2 e5
25.Nd4b3 Nc4xe3
26.fxe3 Qc7c3
27.Rf1f2 Qc3xb3
28.Rf2f3 Qb3c4
29.Re2f2 d4
30.exd4 Qc4xd4
31.c3 Qd4b6
32.Kh1 Bg6h5
33.g4 Bh5g6
34.g5 Bg6e4
{ resign }
0-1

[Event "Match"]
[Site "www.echecsemail.com"]
[Date "2015.04.17"]
[Round "1"]
[White "F14"]
[Black "Chessexpert"]
[WhiteElo "1870"]
[BlackElo "1690"]
[Result "1-0"]
[Round "1"]
1.d4 d5
2.c4 e6
3.Nb1c3 c5
4.Ng1f3 cxd4
5.Nf3xd4 e5
6.Nd4f3 d4
7.Nc3d5 Nb8c6
8.e3 Bc8e6
9.exd4 Be6xd5
10.cxd5 Qd8xd5
11.Bc1e3  { time }
1-0

[Event "Match"]
[Site "www.echecsemail.com"]
[Date "2015.04.17"]
[Round "1"]
[White "F14"]
[Black "Wagner"]
[WhiteElo "1870"]
[BlackElo "1670"]
[Result "1-0"]
[Round "1"]
1.d4 d6
2.c4 Bc8e6
3.d5 Be6f5
4.Ng1f3 Qd8d7
5.Nb1c3 h6
6.e4 Bf5g4
7.Bf1e2 f6
8.O-O g5
9.Nf3d4 h5
10.f3 e5
11.Nd4c2 Qd7h7
12.fxg4 hxg4
13.Be2xg4 a6
14.Nc2e3 Ng8e7
15.Bg4h3 b5
16.Qd1g4 Ra8a7
17.Ne3f5 Ne7xf5
18.Rf1xf5 Bf8e7
19.Rf5f3 c6
20.Qg4c8 Kf7
21.Qc8e6 Kf8
22.Bc1xg5 Rh8g8
23.Bg5xf6 Be7xf6
24.Rf3xf6 Ra7f7
25.Qe6xd6 Kg7
26.Ra1f1 Qh7h4
27.Rf6xf7 Kh8
28.Qd6xe5 { resign }
1-0

[Event "Eq:CONFOEDERATIONIS HELVETICAE-Slap Shot Mates : "]
[Site "www.chess-mail.com"]
[Date "2015.04.17"]
[Round "1"]
[White "Leo57"]
[Black "Mustaphly"]
[WhiteElo "2750"]
[BlackElo "2680"]
[Result "1-0"]
[Round "1"]
1.Ng1f3 d6
2.d4 Ng8f6
3.c4 Bc8g4
4.Nb1c3 c6
5.e4 Nb8d7
6.Bf1e2 e5
7.O-O Bf8e7
8.Bc1e3 O-O
9.h3 Bg4h5
10.g4 Bh5g6
11.Nf3h4 exd4
12.Qd1xd4 Nf6e8
13.Nh4f5 Be7f6
14.Qd4d2 Bf6xc3
15.Qd2xc3 Nd7f6
16.Be2f3 Bg6xf5
17.exf5 Nf6d7
18.Rf1e1 Nd7e5
19.Bf3g2 f6
20.f4 Ne5f7
21.Qc3b3 Qd8c7
22.Ra1d1 Qc7c8
23.Be3d4 Ne8c7
24.Re1e7 Rf8e8
25.Re7xe8 Nc7xe8
26.Rd1e1 Qc8d7
27.Qb3e3 Kf8
28.Bd4xa7 c5
29.Ba7b6 Ra8a6
30.Qe3b3 g5
31.fxg6 hxg6
32.Bg2d5 Ne8g7
33.a3 Ng7e8
34.Bd5e6 Qd7c6
35.Be6xf7 Ra6xb6
36.Qb3e3 Kxf7
37.Qe3e6 Kf8
38.b4 cxb4
39.g5 Qc6c5
40.Re1e3 Qc5xe3
{ time. }
1-0